20 Questions de Culture Générale - 6 - Statistiques

Statistiques générales
  • Ce quiz a été pris 121 fois
  • Le résultat moyen est 6 sur 20
Statistiques - réponses
Descriptions Réponses % Correct
Nom donné aux habitants de Monaco. Monégasque
82%
Nombre de pays ayant l’espagnol en langue officielle. 20
76%
Ville la plus peuplée d’Écosse. Glasgow
76%
Premier ouvrage imprimé de l’Histoire, par Johannes Gutenberg en personne. La Bible
70%
Année de commercialisation du premier iPhone. 2007
63%
Réalisateur américain à l’origine du film "Les Oiseaux" ou encore le célèbre "Vertigo". Alfred Hitchcock
55%
Dernière œuvre dramatique écrite par Molière en 1673. Le malade imaginaire
41%
Sport le plus populaire en Corée du Sud. Le baseball
33%
Groupe de 5 os longs situés au milieu du pied, reliant le talon aux orteils. Métatarse
31%
Famille botanique dont fait partie le figuier de Barbarie. Cactus
19%
Cheffe pâtissière française élue Meilleure pâtissière du Monde en 2024. Nina Métayer
12%
Instrument de musique ayant la tessiture la plus large, englobant celle de tous les autres instruments. Orgue
12%
Position des cachalots pour dormir (on cherche un adverbe). Verticalement
10%
Nom du nucléotide noté "C", présent dans l’ADN et les ARN. Cytosine
8%
Minéral le moins dur d’après l’échelle de Mohs. Le talc
8%
Homme politique français ayant occupé le plus de postes ministériels différents (6 postes). François Fillon
6%
En 2025, actuel détenteur du record du monde du marathon masculin avec un temps de 2h 0min 35s. Kelvin Kiptum
6%
Déesse égyptienne protectrice des femmes enceintes et des enfants. Bastet
4%
Objet étant l’un des 3 trésors sacrés du Japon, au côté d’une l’épée et d’un pendentif. Un miroir
4%
Oiseau emblématique des Kiribati présent sur leur drapeau. Une frégate
2%
Aucun quiz correspondant
Distribution des résultats
% des personnes avec chaque résultat
Percentile par nombre de réponses
Votre historique - résultats
Vous n’avez pas pris ce quiz